Introducción a la filosofía de la educación

Uloženo v:
Podrobná bibliografie
Hlavní autoři: Woods, Ronald G (Autor), Barrow, R. St. C (Autor)
Médium: Kniha
Jazyk:španělština
Vydáno: Salamanca Anaya 1978
Edice:Ciencias de la educación
Témata:
Tagy: Přidat tag
Žádné tagy, Buďte první, kdo vytvoří štítek k tomuto záznamu!

MARC

LEADER 00000nam a2200000 a 4500
001 UCY8170
003 CL-VaPUC
008 950623e19780000SP |||||||||||||||||spa|d
082 0 4 |a 370.1  |b WOO  |2 21 
100 0 |a Woods, Ronald G  |e author  |9 339373 
700 0 |a Barrow, R. St. C  |e author  |9 339374 
245 1 0 |a Introducción a la filosofía de la educación 
300 |a 190 p 
942 |c BK 
945 |d 19950623 00:00:00  |a lriquelm 
260 |a Salamanca  |b Anaya  |c 1978 
650 0 |a Filosofía de la educación   |9 258384 
650 0 |a Currículo  |9 307290 
650 0 |a Cultura  |9 269059 
650 0 |a Creatividad   |9 310816 
650 7 |a DETERMINACION DE METAS  |2 CL-VaPUC  |9 339375 
650 0 |a Adoctrinamiento  |9 339376 
650 0 |a Comprensión   |9 339377 
650 0 |a Racionalismo  |9 259116 
650 0 |a Teoría de la educación   |9 309368 
583 |a last modification  |c 19950623 00:00:00  |k Rodrigo Vera 
490 0 |a Ciencias de la educación 
999 |c 235448  |d 235446 
952 |0 0  |1 0  |4 0  |6 370_100000000000000_WOO_1978  |7 0  |8 A  |9 242876  |a BIBEDU  |b BIBEDU  |d 2019-11-18  |i 1518542  |o 370.1 WOO 1978  |p 1518542  |r 2019-11-18  |w 2019-11-18  |y BK  |k EDU 
952 |0 0  |1 0  |4 0  |6 370_100000000000000_WOO_1978  |7 0  |8 A  |9 242877  |a BIBEDU  |b BIBEDU  |d 2019-11-18  |i 1602217  |l 1  |o 370.1 WOO 1978  |p 1602217  |q 2025-05-29  |r 2025-04-29  |s 2025-04-29  |w 2019-11-18  |y BK  |k EDU 
952 |0 0  |1 0  |4 0  |6 370_100000000000000_WOO_1978  |7 0  |8 A  |9 242878  |a BIBEDU  |b BIBEDU  |d 2019-11-18  |i 1606115  |o 370.1 WOO 1978  |p 1606115  |r 2019-11-18  |w 2019-11-18  |y BK  |k EDU 
952 |0 0  |1 0  |4 0  |6 370_100000000000000_WOO_1978  |7 0  |8 A  |9 242879  |a BIBEDU  |b BIBEDU  |d 2019-11-18  |i 1606069  |o 370.1 WOO 1978  |p 1606069  |r 2019-11-18  |w 2019-11-18  |y BK  |k EDU